000 00347nam a2200133Ia 4500
008 100328s9999 xx 000 0 und d
082 _b46077
100 _aखिरे जयश्री
245 _aमोतिया
260 _bदिलीपराज
630 _aमोतिया
730 _aमोतिया
942 _cBOOK
999 _c534111
_d534108